| 000 | 00641nam a2200217 a 4500 | ||
|---|---|---|---|
| 005 | 20210223123000.0 | ||
| 008 | 991125s1988 mx 000 0 spa u | ||
| 020 | _a9684180527 | ||
| 035 | _aUPN01000045096 | ||
| 049 | _aC | ||
| 050 | 4 |
_aQK7 _bW4.68 1988 |
|
| 100 | 1 | _aWent, Frits W. | |
| 245 | 1 | 4 |
_aLas plantas / _cFrits W. Went y los redactores de los libros de Time-Life ; tr. Agustín Bárcena. |
| 250 | _a2a ed. | ||
| 260 |
_aMéxico : _bECI, _c1988. |
||
| 300 |
_a194 p. : _bfotos col. |
||
| 440 | 0 | _aColección de la naturaleza de Time-life | |
| 650 | 4 |
_aBOTANICA - _xECOLOGIA _96576 |
|
| 650 | 4 | _aFITOGEOGRAFIA | |
| 905 | _aLibro | ||
| 999 |
_c45096 _d45096 |
||